Fundamentals of microprocessor / (Record no. 38648)

MARC details
000 -LEADER
fixed length control field 00888nam a22002417a 4500
008 - FIXED-LENGTH DATA ELEMENTS--GENERAL INFORMATION
fixed length control field 081212t xxu||||| |||| 00| 0beng d
010 ## - LCCN (DPL NO)
LC control number ENG-97605
020 ## - INTERNATIONAL STANDARD BOOK NUMBER
Terms of availability 70.00
International Standard Book Number 9789380243474
020 ## - INTERNATIONAL STANDARD BOOK NUMBER
Terms of availability 70.00
International Standard Book Number 938024347x
035 ## - SYSTEM CONTROL NUMBER
System control number EN-81138
037 ## - SOURCE OF ACQUISITION
Source of stock number/acquisition DBAD / PUB
040 ## - CATALOGING SOURCE
Original cataloging agency dpl
Language of cataloging English
082 ## - DEWEY DECIMAL CLASSIFICATION NUMBER
Classification number 004.16076
100 ## - MAIN ENTRY--PERSONAL NAME
9 (RLIN) 3724
Personal name Sudha, S.
245 ## - TITLE STATEMENT
Title Fundamentals of microprocessor /
Statement of responsibility, etc by S. Sudha
260 ## - PUBLICATION, DISTRIBUTION, ETC. (IMPRINT)
Place of publication, distribution, etc Triuchirappalli
Name of publisher, distributor, etc Raja Publications
Date of publication, distribution, etc 2009
270 ## - ADDRESS
Address 4/1, S.S.H. Shelter, Hazarath Abdul Salam Street, Khajanagar,
City Tiruchirappalli
Postal code 620020
300 ## - PHYSICAL DESCRIPTION
Extent 114p.
Dimensions 20cm (pbk)
600 ## - SUBJECT ADDED ENTRY--PERSONAL NAME
Personal name Baba Visakha Singh
General subdivision Biography.
9 (RLIN) 3725
700 ## - ADDED ENTRY--PERSONAL NAME
9 (RLIN) 3799
942 ## - ADDED ENTRY ELEMENTS (KOHA)
Source of classification or shelving scheme Dewey Decimal Classification
Item type English Books
Call number suffix SUD
Classification part 004.16076
Holdings
Withdrawn status Lost status Source of classification or shelving scheme Damaged status Not for loan Collection code Home library Current library Date acquired Source of acquisition Cost, normal purchase price Total Checkouts Full call number Barcode Date last seen Copy number Cost, replacement price Koha item type
    Dewey Decimal Classification   Not For Loan Non-fiction D.B.Act.Division D.B.Act.Division 02/08/2010 DBAD/PUB 70.00   004.16076 SUD EN-81138 02/08/2010 1 70.00 English Books

© Delhi Public Library
Hit Counter
free hit counter